000 00942cam a22002054a 4500
005 20250605164025.0
008 250528s ||||||||||||||||||||||||d
035 _a16502
040 _aGR-AtMCL
_bgre
_dGR-AtMCL
_eAACR2
245 1 _aEveryman's United Nations / A Complete Handbook of the Activities and Evolution of the United Nations During its First Twenty Years, 1945-1965
250 _a8th
260 _c1968
300 _a638
520 _aThe United Nations, The Work of the United Nations, Political and Security Questions, Economic and Social Questions, Questions Concerning Human Rights, Questions Concerning Trust and Non-Self-Govering Territories, Legal Questions, Administrative and Budgetary Questions, Inter-Governmental Agencies Related to the United Nations, Appendices, Index.
710 2 _aOffice Of Public Information
_99736
710 2 _aUnited Nations
_99734
942 _cBK
999 _c1996
_d1996